Statistics for They Shoot Pictures, Don't They? - films 41 to 60

Click here to take the quiz!

General Stats

  • This quiz has been taken 49 times
  • The average score is 9 of 20

Answer Stats

Answer% Correct
Casablanca
88%
M
75%
Modern Times
68%
Lawrence d'Arabie
65%
Blade Runner
63%
North by Northwest
63%
Barry Lyndon
55%
The Apartment
55%
The General
43%
The Third Man
40%
Stalker
38%
The Battle of Algiers
35%
Contempt
30%
Grand Illusion
25%
Pather Panchali
25%
Touch of Evil
25%
Beau travail
20%
Close-Up
20%
Late Spring
20%
Ugetsu monogatari
18%

Score Distribution

Percentile by Number Answered

Percent of People with Each Score

Your Score History

You have not taken this quiz